000 00359nam a2200133Ia 4500
008 240719s9999 xx 000 0 und d
041 _aeng
082 _a200 PAR
100 _aParamananda, Swami
245 _aThe Upanishads
260 _aNew Delhi
_bFingerprint Publishing
_c2020
300 _a111.; P 22 Cm
520 _aGifted By : IMT Faculty Dr. Pawan Jain
999 _c41277
_d41277